000 00592nam a2200205Ia 4500
008 100315s9999 xx 000 0 und d
040 _cENGLISH 
082 _b5486 
_a338.88 
100 _aVNBRIMS
245 _aChallenges for Indian Multinationals
260 _aThane 
_bDr. VNBRIMS  
_c2006 
300 _a102p. 
365 _eRupees 
_d
_b0.00 
366 _f
505 _gTushar Jadhav 
620 _aChallenges for Indian Multinationals 
630 _aChallenges for Indian Multinationals
730 _aChallenges for Indian Multinationals
942 _cBOOK
999 _c480221
_d480218